Epistles to several persons (Moral essays) / (Record no. 19711)
[ view plain ]
| 000 -LEADER | |
|---|---|
| fixed length control field | 01061nam a2200277 a 4500 |
| 001 - CONTROL NUMBER | |
| control field | 19711 |
| 003 - CONTROL NUMBER IDENTIFIER | |
| rucl marc code | BD-RjUL |
| 005 - DATE AND TIME OF LATEST TRANSACTION | |
| control field | 20211209000452.0 |
| 008 - FIXED-LENGTH DATA ELEMENTS--GENERAL INFORMATION | |
| fixed length control field | 140225s1951 enka 000 0 eng d |
| 035 ## - SYSTEM CONTROL NUMBER | |
| System control number | (OCoLC)1131930 |
| -- | (BD-RjUL)19772 |
| 040 ## - CATALOGING SOURCE | |
| Original cataloging agency | DLC |
| Transcribing agency | IWU |
| Modifying agency | m.c |
| -- | m/c |
| -- | OCL |
| -- | BD-RjUL |
| Language of cataloging | eng |
| 041 ## - LANGUAGE CODE | |
| Language code of text/sound track or separate title | eng |
| 082 00 - DEWEY DECIMAL CLASSIFICATION NUMBER | |
| Classification number | 821.53 |
| Author mark and year | POE 1951 |
| 100 1# - MAIN ENTRY--PERSONAL NAME | |
| Personal name | Pope, Alexander, |
| Dates associated with a name | 1688-1744. |
| 9 (RLIN) | 55318 |
| 245 10 - TITLE STATEMENT | |
| Title | Epistles to several persons (Moral essays) / |
| Statement of responsibility, etc. | Alexander Pope ; edited by F.W. Bateson. |
| 260 ## - PUBLICATION, DISTRIBUTION, ETC. (IMPRINT) | |
| Place of publication, distribution, etc. | London : |
| Name of publisher, distributor, etc. | Methuen ; |
| Place of publication, distribution, etc. | New Haven : |
| Name of publisher, distributor, etc. | Yale University Press, |
| Date of publication, distribution, etc. | 1951. |
| 300 ## - PHYSICAL DESCRIPTION | |
| Pagination | liii, 190 p. : |
| Illustrations | ill. ; |
| Size | 23 cm. |
| 490 1# - SERIES STATEMENT | |
| Series statement | Twickenham edition of the poems of Alexander Pope ; |
| Volume/sequential designation | v. 3(2) |
| 500 ## - GENERAL NOTE | |
| General note | Published in 1781 under title: Moral essays: in four epistles to several persons. |
| 650 07 - SUBJECT ADDED ENTRY--TOPICAL TERM | |
| Source of heading or term | SLSH |
| Topical term or geographic name as entry element | Epistolary poetry, English. |
| 9 (RLIN) | 60555 |
| 700 1# - ADDED ENTRY--PERSONAL NAME | |
| Personal name | Bateson, Frederick Wilse, |
| Dates associated with a name | 1901-1978 . |
| 942 ## - ADDED ENTRY ELEMENTS (KOHA) | |
| Source of classification or shelving scheme | Dewey Decimal Classification |
| Koha item type | Books |
| Lost status | Source of classification or shelving scheme | Damaged status | Not for loan | Permanent Location | Current Location | Shelving location | Date acquired | Source of acquisition | Cost, normal purchase price | Total Checkouts | Full call number | Date last seen | Copy number | Koha item type |
|---|---|---|---|---|---|---|---|---|---|---|---|---|---|---|
| Dewey Decimal Classification | Not For Loan | Central Library, University of Rajshahi | Central Library, University of Rajshahi | Reading Room | 26/09/1955 | B. H. Black Well | 1.55 | 821.53 POE 1951 | 25/02/2014 | C-1 | Books |